000 00784nam a2200253Ia 4500
003 OSt
005 20220928115634.0
006 a|||||r|||| 00| 0
007 ta
008 220927b |||||||| |||| 00| 0 eng d
020 _cUKP 34.99
024 _a139299
037 _b43, 18/01/2019, Classic Book Service
_cTextual
040 _aSDCL
_cSDCL
_beng
041 _2eng
_aeng
082 _aSM9, Q8
100 _aTuch Richard
_9445268
245 0 _aPsychoanalytic method in motion
_b Controversies and evolution in clinical theory and practice
260 _aLondon
_bRoutledge
_c2018
300 _axi,283p.
_ccm.
650 _aApplied Psychology
942 _hSM9, Q8
_cTEXL
_2CC
999 _c760244
_d760244